LEADER 01218cam0-2200325 --450 001 9910296858203321 005 20190104123624.0 100 $a20190104d1967----km y0itay50 ba 101 0 $aita 102 $aIT 105 $a 101yy 200 1 $a2. Symposium sui trasporti rapidi di massa nelle aree metropolitane, TRM 2. Roma, 19-21 gennaio 1967$eAtti 210 $aRoma$c[s. n.]$d1967$eRoma$gStatimari 215 $a4 v.$d24 cm 300 $aIn testa al front.: CIFI, Collegio ingegneri ferroviari italiani 517 1 $aSecondo Symposium sui trasporti rapidi di massa nelle aree metropolitane 610 0 $aTrasporti urbani 676 $a388$v17 710 12$aSimposio sui trasporti rapidi di massa nelle aree metropolitane,$d2.$f<1967 ;$eRoma>$0761004 712 02$aCollegio ingegneri ferroviari italiani 801 0$aIT$bUNINA$gREICAT$2UNIMARC 901 $aBK 912 $a9910296858203321 952 $aCC11/8$b1814$fDINTR 952 $aCC11/9$b1814.2$fDINTR 952 $aCC11/10$b1814.3$fDINTR 952 $aCC11/11$b1814.4$fDINTR 959 $aDINTR 996 $a2. Symposium sui trasporti rapidi di massa nelle aree metropolitane, TRM 2. Roma, 19-21 gennaio 1967$91540509 997 $aUNINA LEADER 01315nam a2200361 i 4500 001 991001146659707536 005 20020507184118.0 008 930629s1990 ||| ||| | eng 020 $a3540531971 035 $ab10807305-39ule_inst 035 $aLE01307776$9ExL 040 $aDip.to Matematica$beng 082 0 $a515.732 084 $aAMS 41A35 084 $aAMS 41A52 084 $aAMS 41A65 084 $aAMS 46B99 084 $aAMS 47A30 084 $aAMS 47B05 (1985) 084 $aAMS 47B38 100 1 $aOdyniec, Wlodzimierz$0350425 245 10$aMinimal projections in Banach spaces :$bproblems of existence and uniqueness and their application /$cWlodzimierz Odyniec, Grzegorz Lewicki 260 $aBerlin :$bSpringer-Verlag,$c1990 300 $aviii, 168 p. ;$c24 cm. 490 0 $aLecture notes in mathematics,$x0075-8434 ;$v1449 650 0$aBanach spaces 700 1 $aLewicki, Grzegorz$eauthor$4http://id.loc.gov/vocabulary/relators/aut$059549 907 $a.b10807305$b23-02-17$c28-06-02 912 $a991001146659707536 945 $aLE013 41-XX ODY11 (1990)$g1$i2013000004167$lle013$o-$pE0.00$q-$rl$s- $t0$u0$v0$w0$x0$y.i10912307$z28-06-02 996 $aMinimal projections in Banach spaces$981353 997 $aUNISALENTO 998 $ale013$b01-01-93$cm$da $e-$feng$gxx $h0$i1